Вып. 20; Иностранные языки в высшей школе

Bibliografski detalji
Parent link:Иностранные языки в высшей школе: сборник/ СССР, Министерство высшего и среднего специального образования, Учебно-методическое управление по высшему образованию, Научно-методический совет по иностранным языкам. Вып. 20.— , 1965-
Daljnji autori: Чемоданов Н. С. (редактор), Фоломкина С. К.
Jezik:ruski
Izdano: Москва, Высшая школа, 1987
Teme:
Format: Knjiga
KOHA link:https://koha.lib.tpu.ru/cgi-bin/koha/opac-detail.pl?biblionumber=273791

MARC

LEADER 00000nam2a2200000 4500
001 273791
005 20231101234650.0
020 |a RU  |b 85-37230ж 
035 |a (RuTPU)RU\TPU\book\297001 
035 |a RU\TPU\book\279366 
035 |a RU\TPU\book\299721 
035 |a RU\TPU\book\297001 
035 |a RU\TPU\book\297001 
090 |a 273791 
100 |a 20141122d1987 k y0rusy5003 ca 
101 0 |a rus 
102 |a RU 
105 |a y z 001zy 
200 0 |a Вып. 20  |f гл. ред. Н. С. Чемоданов ; отв.ред. С. К. Фоломкина 
210 |a Москва  |c Высшая школа  |d 1987 
215 |d 21 см  |a 143 с. 
320 |a Библиогр. в тексте. 
461 1 |0 (RuTPU)RU\TPU\book\279366  |t Иностранные языки в высшей школе  |o сборник  |f СССР, Министерство высшего и среднего специального образования, Учебно-методическое управление по высшему образованию, Научно-методический совет по иностранным языкам  |v Вып. 20  |d 1965-  
606 1 |a Иностранные языки  |x Методика преподавания  |2 stltpush  |3 (RuTPU)RU\TPU\subj\12658  |9 39408 
610 1 |a методика 
610 1 |a аудирование 
610 1 |a самостоятельная работа 
610 1 |a вариантность 
610 1 |a психология 
610 1 |a тексты 
610 1 |a смыслообразования 
610 1 |a лингвистика 
610 1 |a французская литература 
610 1 |a лексикография 
610 1 |a английские писатели 
610 1 |a чтение 
686 |a Ш12-9  |2 rubbk 
702 1 |a Чемоданов  |b Н. С.  |4 651 
702 1 |a Фоломкина  |b С. К.  |4 340 
801 0 |a RU  |b RuMRKP  |c 19950704  |g psbo 
801 1 |a RU  |b 63413507  |c 20141029 
801 2 |a RU  |b 63413507  |c 20141122  |g RCR 
942 |c BK